Коли і ким було написано "Слово о полку Ігоревім" (Запис № 412306)

МАРК-запис
000 -LEADER
fixed length control field 00748nam a22002537a 4500
001 - CONTROL NUMBER
control field 125103
003 - CONTROL NUMBER IDENTIFIER
control field UA-OsUOA
005 - DATE AND TIME OF LATEST TRANSACTION
control field 20210516140115.0
007 - PHYSICAL DESCRIPTION FIXED FIELD--GENERAL INFORMATION
fixed length control field ta
008 - FIXED-LENGTH DATA ELEMENTS--GENERAL INFORMATION
fixed length control field 20170906b un ||||| |||| 00| 0 ukr d
020 ## - INTERNATIONAL STANDARD BOOK NUMBER
International Standard Book Number 9665130765
040 ## - CATALOGING SOURCE
Original cataloging agency UA-OsUOA
Language of cataloging ukr
Transcribing agency UA-OsUOA
Modifying agency UA-OsUOA
041 ## - LANGUAGE CODE
Language code of text/sound track or separate title ukr
080 ## - UNIVERSAL DECIMAL CLASSIFICATION NUMBER
Universal Decimal Classification number 82.09(477)
090 ## - LOCALLY ASSIGNED LC-TYPE CALL NUMBER (OCLC); LOCAL CALL NUMBER (OCLC)
Classification number (OCLC) (R) ; Classification number, CALL (RLIN) (NR) 82.09(477)
Local cutter number (OCLC) ; Book number/undivided call number, CALL (RLIN) П77
100 ## - MAIN ENTRY--PERSONAL NAME
Personal name Пріцак О.
245 ## - TITLE STATEMENT
Title Коли і ким було написано "Слово о полку Ігоревім"
260 ## - PUBLICATION, DISTRIBUTION, ETC. (IMPRINT)
Place of publication, distribution, etc К.
Name of publisher, distributor, etc Обереги
Date of publication, distribution, etc 2007
300 ## - PHYSICAL DESCRIPTION
Extent 360 с.
650 #7 - SUBJECT ADDED ENTRY--TOPICAL TERM
Topical term or geographic name as entry element 82 Література. Літературознавство
Source of heading or term UDC
942 ## - ADDED ENTRY ELEMENTS (KOHA)
Koha item type Книги
Source of classification or shelving scheme Universal Decimal Classification
955 ## - COPY-LEVEL INFORMATION (RLIN)
Classification number, CCAL (RLIN) Наукові видання
Фонди
Withdrawn status Lost status Source of classification or shelving scheme Damaged status Not for loan Collection code Home library Current library Date acquired Source of acquisition Cost, normal purchase price Inventory number Total Checkouts Full call number Barcode Date last seen Price effective from Koha item type
    Universal Decimal Classification     Колекція Жулинського М.Г. АБ - Абонемент НБ АБ - Абонемент НБ 06/09/2017 34/2017 32.00 155123   82.09(477) П77 155123 17/12/2021 06/09/2017 Книги
    Universal Decimal Classification       Наукова бібліотека ІДУД Наукова бібліотека ІДУД 27/05/2014 311/2014 1.00 2136018   82.09 П77 2136018 14/09/2019 27/05/2014 Книги